Mechanical Engineering (Objective Type) (Record no. 33745)

000 -LEADER
fixed length control field 00395nam a22001697a 4500
003 - CONTROL NUMBER IDENTIFIER
control field NUST
020 ## - INTERNATIONAL STANDARD BOOK NUMBER
International Standard Book Number 978-81-318-0788-0
038 ## - RECORD CONTENT LICENSOR
Staff Name khadija
082 ## - DEWEY DECIMAL CLASSIFICATION NUMBER
Classification number 621
Author Mark BAN
100 ## - MAIN ENTRY--PERSONAL NAME
Personal name Bansal, R. K.
9 (RLIN) 89357
245 ## - TITLE STATEMENT
Title Mechanical Engineering (Objective Type)
260 ## - PUBLICATION, DISTRIBUTION, ETC.
Place of publication, distribution, etc. New Delhi :
Name of publisher, distributor, etc. Laxmi ,
Date of publication, distribution, etc. 2014.
300 ## - PHYSICAL DESCRIPTION
Extent 847 p. ;
Other physical details 24 cm.
500 ## - GENERAL NOTE
General note Paperback.
563 ## - BINDING INFORMATION
Binding note PB
942 ## - ADDED ENTRY ELEMENTS (KOHA)
Koha item type Book
Source of classification or shelving scheme
Holdings
Withdrawn status Lost status Source of classification or shelving scheme Damaged status Not for loan Permanent Location Current Location Shelving location Date acquired Total Checkouts Full call number Barcode Date last seen Date last checked out Price effective from Koha item type Public note
          School of Mechanical & Manufacturing Engineering (SMME) School of Mechanical & Manufacturing Engineering (SMME) General Stacks 05/12/2016 2 621 BAN SMME-2963 06/03/2024 04/17/2024 05/12/2016 Book Rack,38-Shelf,2
© 2023 Central Library, National University of Sciences and Technology. All Rights Reserved.